[Event "National Capital op U2000"]
[Site "Ottawa"]
[Date "2009.12.04"]
[Round "1"]
[White "Lambruschini, Alex"]
[Black "Danilov, Alexander"]
[Result "0-1"]
[WhiteElo "1742"]
[BlackElo "1906"]
[PlyCount "67"]
[EventDate "2009.12.04"]
[EventType "swiss"]
[EventRounds "5"]
[EventCountry "CAN"]
[SourceTitle "EXT 2011"]
[Source "ChessBase"]
[SourceDate "2010.11.26"]
[SourceVersion "1"]
[SourceVersionDate "2010.11.26"]
[SourceQuality "1"]

1. d4 Nf6 2. c4 e6 3. Nc3 Bb4 4. a3 Bxc3+ 5. bxc3 c5 6. f3 0-0 7. d5 d6 8. e4 Bd7 9. a4 exd5 10. cxd5 Bc8 11. Bb5 a6 12. Bd3 Nbd7 13. Ne2 Ne5 14. 0-0 Nxd3 15. Qxd3 Re8 16. c4 Rb8 17. Nc3 Qe7 18. Rf2 h6 19. Rb2 g5 20. Rab1 Nd7 21. g4 Ne5 22. Qf1 Qf6 23. Nd1 Nxf3+ 24. Kh1 Rxe4 25. Ne3 Bxg4 26. Rf2 Bh5 27. Qh3 Rh4 28. Qg2 Qg6 29. Rbb2 Rxh2+ 30. Qxh2 Nxh2 31. Rxh2 Bf3+ 32. Kg1 h5 33. Rbf2 g4 34. Bd2 0-1